000
00317nam a2200121Ia 4500
008
190216s9999||||xx |||||||||||||| ||und||
100
_a
Mahadeva Sasthirikal K S
245
0
_a
Agni Pravesam
260
_b
"Kamalalaya Printing Works, Thiruvanathap"
_c
1953
300
_a
43p
650
_a
Malayalam Kavitha
942
_c
BK
999
_c
24256
_d
24256